| 000 | 00378 a2200085 4500 | ||
|---|---|---|---|
| 082 | _a343.730942 ROA | ||
| 245 |
_aRoadway Human Factors and Behavioral Safety in Europe / _cUnited States department of Transportation Federal Highway Administration |
||
| 260 |
_aUSA : _bUnited States department of Transportation Federal Highway Administration, |
||
| 300 |
_avarious Pages _bill. ; _c30 cm |
||
| 650 | _aRoadway Safety | ||
| 999 |
_c2139 _d2139 |
||